| 000 | 00382nam a2200145 4500 | ||
|---|---|---|---|
| 001 | 112529 | ||
| 003 | ES-MaACL | ||
| 005 | 20230906185543.0 | ||
| 007 | t| | ||
| 008 | 061121s1909 sp r ||||1| spa d | ||
| 245 | 0 | 0 | _aNova lloansa de la llengua valensiana. |
| 260 |
_aValencia : _bBayarri, _c[1909] |
||
| 300 |
_a62 p., 1 lám. ; _c17 cm. |
||
| 852 |
_aES-MaACL _jC-31942 _bR.62439 |
||
| 999 |
_c112529 _d112529 |
||